000 00596nam a2200133Ia 4500
008 171212s9999 xx 000 0 und d
020 _a9780833038678
100 _aLowell, Julia F.;Ondaatje, Elizabeth Heneghan
245 _cLowell, Julia F.;Ondaatje, Elizabeth Heneghan
_aThe Arts and State Governments
_bAt Arm's Length or Arm in Arm?
260 _bRAND Corporation
_c2006
650 _aGovernment aid to the arts -- United States -- Case studies; Art commissions -- United States; U.S. states -- Cultural policy
650 _aPolitical Science
856 _uwww.jstor.org/stable/10.7249/mg359wf
999 _c352615
_d352615